[Event "South Wales Autumn Premier"]
[Site "Newport"]
[Date "2018.11.18"]
[Round "4.5"]
[White "Williams, Ron"]
[Black "Lutchman Singh, Aishwarya"]
[Result "0-1"]
[WhiteElo "1683"]
[BlackElo "1413"]
[PlyCount "104"]
[EventDate "2018.11.16"]
[EventType "swiss"]
[EventRounds "5"]
[EventCountry "WLS"]
[SourceDate "2018.11.17"]

1. d4 Nf6 2. Bf4 d6 3. Nd2 Nbd7 4. Ngf3 e6 5. e4 c5 6. c3 Qa5 7. Nc4 Qd8 8.
Bxd6 Nxe4 9. Bxf8 Rxf8 10. Bd3 Ndf6 11. dxc5 Nxc5 12. Be2 Qxd1+ 13. Rxd1 Nce4
14. Nfe5 Nd5 15. Rd4 Nef6 16. O-O Ke7 17. Rfd1 Bd7 18. Nxd7 Nxd7 19. Ne3 N7f6
20. Nf5+ exf5 21. Bf3 Nc7 22. Re1+ Ne6 23. Bxb7 Rab8 24. Rb4 Rfd8 25. Kf1 Rd7
26. Bf3 Rxb4 27. cxb4 Rd2 28. Re2 Ne4 29. Bxe4 Rxe2 30. Kxe2 fxe4 31. f3 exf3+
32. Kxf3 Kd6 33. Ke4 Kc6 34. a4 f6 35. g3 g6 36. b3 Kd6 37. h4 f5+ 38. Kd3 Kd5
39. b5 Kc5 40. Kc3 Nc7 41. b4+ Kd5 42. Kd3 h6 43. Kc3 g5 44. hxg5 hxg5 45. Kd3
f4 46. g4 Ke5 47. Kc4 f3 48. a5 f2 49. b6 f1=Q+ 50. Kb3 axb6 51. axb6 Na6 52.
Ka4 Qc4 0-1

[Event "South Wales Autumn Premier"]
[Site "Newport"]
[Date "2018.11.18"]
[Round "4.6"]
[White "Smith, George"]
[Black "McIntosh, Rachel"]
[Result "1/2-1/2"]
[WhiteElo "1496"]
[BlackElo "1556"]
[Annotator "Thornton,John"]
[PlyCount "46"]
[EventDate "2018.11.16"]
[EventType "swiss"]
[EventRounds "5"]
[EventCountry "WLS"]
[SourceDate "2018.11.17"]

1. d4 Nf6 2. Nc3 d5 3. Bg5 Nbd7 4. Qd2 e6 5. O-O-O c5 6. f3 cxd4 7. Qxd4 Bc5 8.
Bxf6 Qxf6 (8... Bxd4 9. Bxd8 Be3+ 10. Kb1 Kxd8 11. Rd3 d4 12. Nd1 Ne5 13. Rb3
Nc4 $19) 9. Qxf6 Be3+ 10. Kb1 Nxf6 11. Rd3 Bb6 12. e3 O-O (12... Ke7) 13. Nge2
Rd8 14. e4 $6 dxe4 15. Rxd8+ Bxd8 16. Nxe4 Nxe4 17. fxe4 b6 18. Nc3 Bb7 19. Bd3
Bc7 20. g3 f5 $6 (20... Rd8 21. Nb5 Bb8 $17) 21. Rf1 $1 fxe4 22. Nxe4 h6 $1 23.
Nc3 Rd8 (23... Re8 24. Nb5 Bb8 25. Nd4 $14) 1/2-1/2

[Event "South Wales Autumn Premier"]
[Site "Newport"]
[Date "2018.11.18"]
[Round "4.7"]
[White "Davies, Gareth"]
[Black "Hammett, Scott"]
[Result "1/2-1/2"]
[WhiteElo "1427"]
[BlackElo "1524"]
[PlyCount "95"]
[EventDate "2018.11.16"]
[EventType "swiss"]
[EventRounds "5"]
[EventCountry "WLS"]
[SourceDate "2018.11.17"]

1. d4 f5 2. Nf3 Nf6 3. Bf4 e6 4. Nbd2 Be7 5. h3 d5 6. e3 Nbd7 7. Be2 Nb6 8. O-O
O-O 9. c3 Ne4 10. Nxe4 fxe4 11. Nd2 c6 12. f3 exf3 13. Bxf3 Bd6 14. Bxd6 Qxd6
15. Qe1 Bd7 16. Qh4 Rf6 17. e4 Qf4 18. Qxf4 Rxf4 19. e5 Raf8 20. Be2 Be8 21.
Rxf4 Rxf4 22. Rf1 Rxf1+ 23. Kxf1 Na4 24. Bg4 Kf7 25. c4 Nxb2 26. c5 Ke7 27. Ke2
b6 28. Nb3 Bd7 29. Bf3 Na4 30. Kd3 bxc5 31. Nxc5 Nxc5+ 32. dxc5 Bc8 33. h4 Kd7
34. g3 Kc7 35. Kc3 a5 36. Be2 Kb7 37. a4 Bd7 38. Kd4 Kc7 39. Bd3 g6 40. g4 Be8
41. g5 Kd7 42. Be2 Ke7 43. Ke3 Kf7 44. Kd4 Kg7 45. Bg4 Bf7 46. Be2 Be8 47. Bd3
h6 48. Be2 1/2-1/2

[Event "South Wales Autumn Premier"]
[Site "Newport"]
[Date "2018.11.18"]
[Round "4.8"]
[White "Lutchman Singh, Karanvir"]
[Black "Williams, Stephen"]
[Result "0-1"]
[WhiteElo "1606"]
[BlackElo "1626"]
[Annotator "Thornton,John"]
[PlyCount "106"]
[EventDate "2018.11.16"]
[EventType "swiss"]
[EventRounds "5"]
[EventCountry "WLS"]
[SourceDate "2018.11.17"]

1. e4 c6 2. d4 d5 3. exd5 cxd5 4. c4 Nf6 5. Nc3 Nc6 6. Nf3 g6 7. Be3 Bg7 8. Bd3
dxc4 9. Bxc4 O-O 10. O-O Ng4 11. h3 Nxe3 12. fxe3 Qb6 13. Qe2 a6 14. Ng5 e6 15.
Nce4 h6 16. Nf3 Ne7 17. Qf2 Nf5 18. Bb3 Bd7 19. Nfd2 Nxe3 20. Nf6+ Bxf6 21.
Qxf6 Nxf1 22. Rxf1 Rac8 23. Ne4 Bb5 24. Rf4 Bd3 25. Rh4 Rc1+ 26. Kh2 Qc7+ 27.
Ng3 Rf1 28. Qe5 Qxe5 29. dxe5 Re1 30. Rxh6 Rxe5 31. Rh4 Rd8 32. Rb4 b5 33. Nh1
Re2 34. Bd1 (34. Ng3) 34... Rd2 35. Bf3 Rc8 36. Rd4 Rcc2 37. Ng3 Rxb2 38. Ne4
Bxe4 39. Rxd2 Rxd2 40. Bxe4 Rxa2 41. Bb1 Rb2 42. Be4 a5 43. h4 a4 44. h5 gxh5
45. Bc6 a3 46. Kh3 a2 47. Kh4 a1=Q 48. Kxh5 Rb4 49. g4 Kg7 50. g5 Qd4 51. Be4
Qe5 52. Bf5 Qh2+ 53. Bh3 Qxh3# 0-1

[Event "South Wales Autumn Premier"]
[Site "Newport"]
[Date "2018.11.18"]
[Round "4.9"]
[White "Williams, David J"]
[Black "Probert, Malcolm"]
[Result "1/2-1/2"]
[WhiteElo "1531"]
[BlackElo "1622"]
[PlyCount "67"]
[EventDate "2018.11.16"]
[EventType "swiss"]
[EventRounds "5"]
[EventCountry "WLS"]
[SourceDate "2018.11.17"]

1. e4 g6 2. d4 Bg7 3. Nf3 c6 4. Nc3 d5 5. exd5 cxd5 6. Be3 Bg4 7. Be2 Bxf3 8.
Bxf3 e6 9. O-O Nh6 10. Ne2 Nf5 11. Qd2 Nxe3 12. Qxe3 O-O 13. c4 Nc6 14. Rac1
Ne7 15. Qd3 Rc8 16. Rfd1 Qd7 17. c5 Nc6 18. a3 Rfd8 19. Qe3 Rc7 20. b4 a6 21.
g3 Qe7 22. h4 Rcd7 23. Bg2 Qf8 24. Rb1 e5 25. dxe5 Nxe5 26. Nd4 Nc6 27. Nxc6
bxc6 28. Qd3 Ra8 29. Re1 Re7 30. Re2 Rxe2 31. Qxe2 Qe8 32. Re1 Qxe2 33. Rxe2
Kf8 34. Kf1 1/2-1/2

[Event "South Wales Autumn Premier"]
[Site "Newport"]
[Date "2018.11.18"]
[Round "5.1"]
[White "Macarthur, Duncan M"]
[Black "Shaw, Tony"]
[Result "1/2-1/2"]
[WhiteElo "1742"]
[BlackElo "1525"]
[Annotator "Thornton,John"]
[PlyCount "108"]
[EventDate "2018.11.16"]
[EventType "swiss"]
[EventRounds "5"]
[EventCountry "WLS"]
[SourceDate "2018.11.17"]

1. c4 c6 2. Nc3 Nf6 3. b3 e5 4. Nf3 d6 5. g3 Bg4 6. d4 Nbd7 7. Bg2 a6 8. O-O
Be7 9. Bb2 Qc7 10. Rc1 O-O 11. h3 Bf5 12. Nh4 Bg6 13. Nxg6 hxg6 14. d5 c5 15.
Qd2 Nh7 16. h4 f5 17. Qc2 Ndf6 18. Bh3 Bd8 19. Rce1 e4 20. Bc1 Qe7 21. f3 Ba5
22. Bf4 Rad8 23. Rb1 Bxc3 24. Qxc3 Rfe8 25. b4 Nh5 26. fxe4 Qxe4 27. e3 Nxf4
28. exf4 Qe3+ 29. Qxe3 Rxe3 30. bxc5 Rxg3+ 31. Kh2 Rc3 32. Rxb7 dxc5 33. Rg1
Nf8 34. Bf1 Rc2+ 35. Rg2 Rc1 36. Rf2 Re8 37. Rc7 Ree1 38. Kg2 Rcd1 39. Rxc5 Nd7
40. Rc8+ Kh7 41. Be2 Rd2 42. Bf3 Rd4 43. c5 Nf6 44. d6 Rc1 45. Rb2 Rxd6 46.
Rbb8 Rd2+ 47. Kh3 Kh6 48. c6 Rd3 49. Rb3 Rcc3 50. Rxc3 Rxc3 51. Kg2 Kh7 52. c7
Ne4 53. Ra8 Rxc7 54. Rxa6 Rc2+ 1/2-1/2

[Event "South Wales Autumn Premier"]
[Site "Newport"]
[Date "2018.11.18"]
[Round "5.2"]
[White "Jones, Martin C"]
[Black "Pinch, David"]
[Result "1-0"]
[WhiteElo "1761"]
[BlackElo "1718"]
[PlyCount "73"]
[EventDate "2018.11.16"]
[EventType "swiss"]
[EventRounds "5"]
[EventCountry "WLS"]
[SourceDate "2018.11.17"]

1. d4 Nf6 2. Nf3 g6 3. c4 Bg7 4. Nc3 d5 5. Qb3 dxc4 6. Qxc4 c6 7. e4 Bg4 8. Be2
Nbd7 9. Be3 O-O 10. O-O Bxf3 11. Bxf3 e6 12. Rac1 Nb6 13. Qb3 Qe7 14. Rfd1 Rfd8
15. a4 Qd7 16. a5 Nc8 17. Na4 Rb8 18. Bf4 Ne7 19. Bxb8 Rxb8 20. Nc5 Qc7 21. Qc3
h5 22. b4 a6 23. Re1 g5 24. Bd1 Ng6 25. Qg3 Qd8 26. e5 Nd5 27. Bxh5 Ngf4 28.
Bg4 Nxb4 29. h4 Qxd4 30. hxg5 Nbd5 31. Re4 Qd2 32. Rd1 Qxa5 33. Nd7 Rd8 34.
Nf6+ Bxf6 35. gxf6 Ng6 36. Bxe6 Qc7 37. Qxg6+ 1-0

[Event "South Wales Autumn Premier"]
[Site "Newport"]
[Date "2018.11.18"]
[Round "5.3"]
[White "Lutchman Singh, Aishwarya"]
[Black "Horrell, Stephen A"]
[Result "0-1"]
[WhiteElo "1413"]
[BlackElo "1522"]
[PlyCount "84"]
[EventDate "2018.11.16"]
[EventType "swiss"]
[EventRounds "5"]
[EventCountry "WLS"]
[SourceDate "2018.11.17"]

1. d4 d5 2. Nf3 e6 3. Bf4 Bd6 4. Bg3 Bxg3 5. hxg3 Nf6 6. Nbd2 Nc6 7. e3 Qe7 8.
c3 Bd7 9. Qb3 Na5 10. Qc2 h6 11. Ne5 c5 12. g4 cxd4 13. exd4 Nc6 14. g5 Ng8 15.
g6 Nxe5 16. dxe5 O-O-O 17. Nf3 Qe8 18. gxf7 Qxf7 19. c4 Kb8 20. cxd5 exd5 21.
Qc5 Qe7 22. Qd4 Rc8 23. Bd3 Qf7 24. Ng5 Qe7 25. f4 Nf6 26. Nf3 Rhf8 27. Kd2
Ne4+ 28. Bxe4 dxe4 29. Qxe4 Bf5 30. Qe3 Rfd8+ 31. Ke1 Rd3 32. Qe2 Qc5 33. g4
Re3 34. gxf5 Rxe2+ 35. Kxe2 Qc2+ 36. Ke3 Qxf5 37. Rac1 Rf8 38. Rc4 g5 39. Rxh6
gxf4+ 40. Kf2 Qd3 41. Rc3 Qb1 42. e6 Qxb2+ 0-1

[Event "South Wales Autumn Premier"]
[Site "Newport"]
[Date "2018.11.18"]
[Round "5.4"]
[White "Williams, Stephen"]
[Black "McIntosh, David"]
[Result "1-0"]
[WhiteElo "1626"]
[BlackElo "1394"]
[Annotator "Thornton,John"]
[PlyCount "99"]
[EventDate "2018.11.16"]
[EventType "swiss"]
[EventRounds "5"]
[EventCountry "WLS"]
[SourceDate "2018.11.17"]

1. d4 Nf6 2. c4 g6 3. Nc3 d5 4. cxd5 Nxd5 5. e4 Nxc3 6. bxc3 Bg7 7. Be3 c5 8.
Bc4 O-O 9. Ne2 cxd4 10. cxd4 e6 11. O-O Nc6 12. Qd2 a6 13. Rac1 Na5 14. Bd3 b5
15. Bh6 Bb7 16. Bxg7 Kxg7 17. f4 $6 Nc4 $6 18. Qe1 Rc8 19. f5 $6 exf5 20. exf5
Qd5 21. f6+ Kg8 22. Qg3 Ne3 23. Rf2 Rxc1+ 24. Nxc1 Qxd4 $19 25. Rf4 $2 Qb6 26.
Qf2 Nd5 $2 (26... Bxg2) (26... Rd8) 27. g4 $4 (27. Qxb6 Nxb6 $17) 27... Qxf2+
$2 (27... Qc6 {[%cal Gc6c1,Yd5f6,Yc6h1]}) 28. Rxf2 Rc8 29. Ne2 Rd8 $19 30. g5
Nb4 (30... Nxf6 31. Rxf6 Rxd3 32. Rb6 Bf3 33. Nc1 Ra3) 31. Bb1 Rd1+ 32. Rf1
Rxf1+ $6 $17 33. Kxf1 Bd5 $6 34. Nc3 Be6 35. Kf2 h5 $11 36. h4 Kf8 37. Ke3 Nd5+
38. Nxd5 Bxd5 39. Kd4 Bc4 $6 $11 40. a4 Bf1 41. a5 Bc4 $4 $18 42. Kc5 $2 (42.
Be4 Bf1 43. Kc5 Ke8 44. Bb7) 42... Ke8 $2 (42... Be6 43. Kb6 Bc8 (43... Bf5 44.
Ba2 Be6 $11) 44. Kc7 $4 Bf5 45. Ba2 Be6 46. Bb1 b4 $19) 43. Be4 $1 Be2 44. Bb7
b4 45. Kxb4 Kd7 46. Kc5 Bf1 47. Kb6 Ke6 48. Bxa6 Bg2 49. Bc4+ Kf5 50. Bxf7 1-0

[Event "South Wales Autumn Premier"]
[Site "Newport"]
[Date "2018.11.18"]
[Round "5.5"]
[White "McIntosh, Rachel"]
[Black "Davies, Gareth"]
[Result "1-0"]
[WhiteElo "1556"]
[BlackElo "1427"]
[Annotator "Thornton,John"]
[PlyCount "47"]
[EventDate "2018.11.16"]
[EventType "swiss"]
[EventRounds "5"]
[EventCountry "WLS"]
[SourceDate "2018.11.17"]

1. e4 Nf6 2. e5 Nd5 3. Nc3 Nxc3 4. bxc3 Nc6 5. d4 e6 6. f4 g6 7. Nf3 b6 8. Bd3
Bb7 9. O-O Ne7 10. Qe1 Bg7 11. h3 O-O 12. g4 Rc8 13. f5 exf5 14. gxf5 Nxf5 15.
Bxf5 gxf5 16. Nh4 Be4 17. Nxf5 Bxf5 18. Rxf5 Qe7 19. Bg5 Qe6 20. Qf2 Qg6 $2 21.
Kh2 Kh8 22. Rg1 Qe6 23. Rf6 Qd5 24. Rh6 1-0

[Event "South Wales Autumn Premier"]
[Site "Newport"]
[Date "2018.11.18"]
[Round "5.6"]
[White "Hammett, Scott"]
[Black "Smith, George"]
[Result "0-1"]
[WhiteElo "1524"]
[BlackElo "1496"]
[Annotator "Thornton,John"]
[PlyCount "102"]
[EventDate "2018.11.16"]
[EventType "swiss"]
[EventRounds "5"]
[EventCountry "WLS"]
[SourceDate "2018.11.17"]

1. c4 e5 2. Nc3 Nf6 3. g3 c6 4. Bg2 d5 5. cxd5 cxd5 6. Qa4+ Bd7 7. Qb3 Bc6 8.
e3 Na6 9. d4 Nb4 10. a3 Nd3+ 11. Ke2 Ng4 12. Nh3 exd4 13. Nxd5 Nxc1+ 14. Raxc1
dxe3 15. f3 Qxd5 16. Qxd5 Bxd5 17. Rhd1 Bc6 18. Rxc6 bxc6 19. fxg4 Rc8 20. Kxe3
Bc5+ 21. Ke4 O-O 22. Rd2 Rfe8+ 23. Kf5 g6+ 24. Kf6 Re6+ 25. Kg5 f6+ 26. Kh4 g5+
27. Kh5 Re7 28. Rc2 Re5 29. Nf2 Bxf2 30. Rxf2 Re6 31. Rc2 Kg7 32. b4 Rce8 33.
Rxc6 Rxc6 34. Bxc6 Re2 35. h4 gxh4 $2 (35... h6 $1 {White is in a mating net}
36. b5 Re3 37. a4 Rxg3 38. a5 Rh3 39. b6 Rxh4#) 36. gxh4 Re5+ 37. g5 h6 38. a4
fxg5 39. hxg5 Rxg5+ 40. Kh4 Rg6 41. b5 Kf7 42. Kh5 Rd6 43. Be4 a6 44. Bc6 $2 (
44. bxa6 Rxa6) 44... a5 45. Be4 Kg7 46. Bc2 Rd4 47. Bb3 Rd2 48. Be6 Kf6 49. Bc4
Rh2+ 50. Kg4 h5+ 51. Kf4 $2 Rh4+ 0-1

[Event "South Wales Autumn Premier"]
[Site "Newport"]
[Date "2018.11.18"]
[Round "5.7"]
[White "Probert, Malcolm"]
[Black "Dimond, Peter D"]
[Result "1-0"]
[WhiteElo "1622"]
[BlackElo "1744"]
[PlyCount "103"]
[EventDate "2018.11.16"]
[EventType "swiss"]
[EventRounds "5"]
[EventCountry "WLS"]
[SourceDate "2018.11.17"]

1. Nf3 Nf6 2. g3 c5 3. c4 Nc6 4. Bg2 g6 5. b3 Bg7 6. Bb2 O-O 7. O-O d6 8. d4
cxd4 9. Nxd4 Nxd4 10. Qxd4 Ne8 11. Qd2 Bxb2 12. Qxb2 Rb8 13. Nc3 b6 14. Rad1
Nf6 15. e4 e5 16. Nb5 Rb7 17. Rxd6 Qe7 18. Rfd1 a6 19. Nc3 Nd7 20. Bh3 Rd8 21.
Qd2 Kf8 22. Rd3 Kg7 23. Nd5 Qc5 24. Qg5 Rf8 25. Bxd7 f6 26. Qd2 Rxd7 27. Rc1
Rfd8 28. b4 Qf8 29. c5 bxc5 30. Rxc5 a5 31. Rxa5 Bb7 32. Ra7 Bc6 33. Rxd7+ Rxd7
34. Qc3 Bb5 35. Rd2 Rd8 36. Qc7+ Rd7 37. Qb6 Ba4 38. Nc7 Qe7 39. Nd5 Qf7 40.
Qc5 Rb7 41. a3 Be8 42. Rb2 Ba4 43. b5 Qd7 44. b6 Bc6 45. Rc2 Ba4 46. Rc1 Bb3
47. Qc7 Bxd5 48. exd5 Kf8 49. Qxd7 Rxd7 50. Rc7 Ke7 51. Rxd7+ Kxd7 52. a4 1-0

[Event "South Wales Autumn Premier"]
[Site "Newport"]
[Date "2018.11.18"]
[Round "5.8"]
[White "Jones, Jeremy"]
[Black "Williams, Ron"]
[Result "1/2-1/2"]
[WhiteElo "1584"]
[BlackElo "1683"]
[PlyCount "44"]
[EventDate "2018.11.16"]
[EventType "swiss"]
[EventRounds "5"]
[EventCountry "WLS"]
[SourceDate "2018.11.17"]

1. e4 d6 2. d4 Nf6 3. Nc3 Nbd7 4. Nf3 e5 5. Bc4 Be7 6. dxe5 dxe5 7. O-O c6 8.
Bg5 Qc7 9. Bb3 h6 10. Be3 Nf8 11. h3 g5 12. Nxe5 Qxe5 13. f4 gxf4 14. Bxf4 Qc5+
15. Kh1 Qh5 16. e5 Qxd1 17. Raxd1 Nh5 18. Bh2 Be6 19. g4 Ng7 20. Ne4 Ng6 21.
Nf6+ Kf8 22. Nd7+ Ke8 1/2-1/2

[Event "South Wales Autumn Premier"]
[Site "Newport"]
[Date "2018.11.18"]
[Round "5.9"]
[White "O'rourke, Kevin"]
[Black "Williams, David J"]
[Result "0-1"]
[WhiteElo "1261"]
[BlackElo "1531"]
[PlyCount "82"]
[EventDate "2018.11.16"]
[EventType "swiss"]
[EventRounds "5"]
[EventCountry "WLS"]
[SourceDate "2018.11.17"]

1. e4 c5 2. Nf3 e6 3. d4 cxd4 4. Nxd4 a6 5. Nc3 Qc7 6. a3 Nc6 7. g3 d6 8. Be3
Nxd4 9. Qxd4 Bd7 10. O-O-O Rd8 11. Qd2 Nf6 12. Bg5 Bc6 13. Bxf6 gxf6 14. Be2
Bg7 15. Bh5 O-O 16. f4 b5 17. Na2 Bxe4 18. Rhe1 Bb7 19. Qe3 a5 20. Rd3 f5 21.
Nc3 b4 22. Nb5 Qb8 23. Qd2 Ba6 24. a4 d5 25. Rde3 Bxb5 26. axb5 Qxb5 27. Rb3
Qa4 28. Kd1 Rc8 29. Ke2 Qa2 30. Qc1 Qa4 31. Kf1 Rc5 32. Kg2 Rfc8 33. Re2 Qc6
34. Rbe3 Rxc2 35. Rxc2 Qxc2+ 36. Qxc2 Rxc2+ 37. Kh3 Rxb2 38. Rf3 a4 39. g4 Rb3
40. g5 Rxf3+ 41. Bxf3 a3 0-1